[Event "Gligoric Cup 11th"]
[Site "Paracin"]
[Date "2025.05.25"]
[Round "5.1"]
[White "Petrusic, Velimir"]
[Black "Zivkovic, Marko"]
[Result "1-0"]
[WhiteElo "2079"]
[BlackElo "2071"]
[PlyCount "65"]
[EventDate "2025.05.22"]
[EventType "team-swiss"]
[EventRounds "5"]
[EventCountry "SRB"]
[SourceTitle "CB22_2025"]
[SourceDate "2025.05.28"]
[SourceVersion "1"]
[SourceVersionDate "2025.05.28"]
[SourceQuality "1"]
[WhiteTeam "Sremska Mitrovica Sirmium"]
[BlackTeam "Aleksinac Lav"]
[WhiteTeamCountry "SRB"]
[BlackTeamCountry "SRB"]

1. d4 Nf6 2. Nf3 c5 3. d5 d6 4. Nc3 g6 5. e4 Bg7 6. Bb5+ Bd7 7. a4 0-0 8. 0-0 Na6 9. Bf4 Nc7 10. Qe2 Bg4 11. h3 Bxf3 12. Qxf3 Nd7 13. Rfe1 Nxb5 14. axb5 Qb6 15. Ra2 h6 16. Qe2 Kh7 17. Rea1 Bd4 18. Nd1 e6 19. Bd2 Qc7 20. Rxa7 Rae8 21. c3 Bg7 22. Ne3 Nf6 23. Qd3 Nh5 24. Nc4 e5 25. R1a6 Rd8 26. Rb6 Rb8 27. Rxd6 Bf6 28. g4 Ra8 29. b6 Qe7 30. gxh5 gxh5 31. Qf3 Rg8+ 32. Kf1 Rab8 33. Qxf6 1-0

[Event "Gligoric Cup 11th"]
[Site "Paracin"]
[Date "2025.05.24"]
[Round "4.1"]
[White "Zivkovic, Marko"]
[Black "Ilcic, Aleksa"]
[Result "1/2-1/2"]
[WhiteElo "2071"]
[BlackElo "1861"]
[PlyCount "40"]
[EventDate "2025.05.22"]
[EventType "team-swiss"]
[EventRounds "5"]
[EventCountry "SRB"]
[SourceTitle "CB22_2025"]
[SourceDate "2025.05.28"]
[SourceVersion "1"]
[SourceVersionDate "2025.05.28"]
[SourceQuality "1"]
[WhiteTeam "Aleksinac Lav"]
[BlackTeam "Krusevac"]
[WhiteTeamCountry "SRB"]
[BlackTeamCountry "SRB"]

1. d4 Nf6 2. Nc3 d5 3. Bg5 c5 4. e3 Nc6 5. Nf3 e6 6. Bb5 Be7 7. 0-0 0-0 8. Re1 Bd7 9. h3 Rc8 10. a3 Na5 11. Bd3 c4 12. Bf1 b5 13. Ne5 h6 14. Bxf6 Bxf6 15. Ng4 Be7 16. Ne5 Nc6 17. Nxc6 Bxc6 18. g3 a5 19. Ne2 b4 20. a4 Qd7 1/2-1/2

[Event "SRB-chT 1st League CS"]
[Site "Banja Vrujci"]
[Date "2022.10.09"]
[Round "11.1"]
[White "Zivkovic, Marko"]
[Black "Ozsakallioglu, Okan"]
[Result "0-1"]
[WhiteElo "2171"]
[BlackElo "2178"]
[PlyCount "74"]
[EventDate "2022.10.01"]
[EventType "team-tourn"]
[EventRounds "11"]
[EventCountry "SRB"]
[SourceTitle "CBM 210 Extra"]
[Source "ChessBase"]
[SourceDate "2022.11.30"]
[SourceVersion "1"]
[SourceVersionDate "2022.11.30"]
[SourceQuality "1"]
[WhiteTeam "Nis Nais"]
[BlackTeam "Valjevo Krusik"]
[WhiteTeamCountry "SRB"]
[BlackTeamCountry "SRB"]

1. d4 d5 2. Nf3 Nf6 3. c4 c6 4. Nc3 dxc4 5. a4 Bf5 6. e3 e6 7. Bxc4 Bb4 8. 0-0 0-0 9. Qe2 Bg6 10. Rd1 Nbd7 11. Na2 Bd6 12. b4 Qc7 13. Bb2 e5 14. dxe5 Nxe5 15. Nxe5 Bxe5 16. Bxe5 Qxe5 17. Rac1 Rae8 18. h3 Qg5 19. Rd4 Re4 20. Rxe4 Bxe4 21. Qf1 Rd8 22. Nc3 Rd2 23. Rd1 Rxd1 24. Nxd1 Qe5 25. Bd3 Qd5 26. Bxe4 Nxe4 27. Nb2 Qd2 28. Nd3 g6 29. Kh2 b6 30. f3 Nc3 31. e4 Nxa4 32. Kh1 Nc3 33. Ne5 Ne2 34. Qa1 Nf4 35. Qf1 Qd6 36. Qa1 h5 37. Qb2 Qd1+ 0-1

[Event "SRB-chT 1st League CS"]
[Site "Banja Vrujci"]
[Date "2022.10.05"]
[Round "7.1"]
[White "Zivkovic, Marko"]
[Black "Marjanovic, Dejan"]
[Result "0-1"]
[WhiteElo "2171"]
[BlackElo "2383"]
[PlyCount "74"]
[EventDate "2022.10.01"]
[EventType "team-tourn"]
[EventRounds "11"]
[EventCountry "SRB"]
[SourceTitle "CBM 210 Extra"]
[Source "ChessBase"]
[SourceDate "2022.11.30"]
[SourceVersion "1"]
[SourceVersionDate "2022.11.30"]
[SourceQuality "1"]
[WhiteTeam "Nis Nais"]
[BlackTeam "Kostolac Rudar"]
[WhiteTeamCountry "SRB"]
[BlackTeamCountry "SRB"]

1. d4 d6 2. Nf3 Nf6 3. Nc3 g6 4. e4 Nc6 5. Be2 Bg7 6. h3 0-0 7. Bg5 h6 8. Be3 d5 9. exd5 Nb4 10. Qd2 Kh7 11. Bf4 b6 12. 0-0 Bb7 13. Rad1 Nbxd5 14. Nxd5 Nxd5 15. Be5 e6 16. h4 Nf6 17. Ne1 Rc8 18. c3 Ne4 19. Qe3 Qxh4 20. Bf3 Bxe5 21. dxe5 Rcd8 22. Rxd8 Rxd8 23. b4 Qg5 24. Bxe4 Qxe3 25. fxe3 Bxe4 26. Rxf7+ Kg8 27. Rf4 Bb1 28. a4 Rd1 29. Kf2 Rd2+ 30. Kf3 Rd5 31. Rd4 c5 32. Rxd5 exd5 33. bxc5 bxc5 34. g4 Be4+ 35. Ke2 Kf7 36. c4 dxc4 37. Kd2 h5 0-1

[Event "SRB-chT 1st League CS"]
[Site "Bajina Basta"]
[Date "2021.10.01"]
[Round "8.2"]
[White "Zivkovic, Marko"]
[Black "Abramovic, Bosko"]
[Result "1/2-1/2"]
[WhiteElo "2150"]
[BlackElo "2286"]
[PlyCount "25"]
[EventDate "2021.09.26"]
[EventType "team-tourn"]
[EventRounds "11"]
[EventCountry "SRB"]
[SourceTitle "EXT 2023"]
[Source "ChessBase"]
[SourceDate "2022.10.05"]
[SourceVersion "1"]
[SourceVersionDate "2022.10.05"]
[SourceQuality "1"]
[WhiteTeam "Nis Nais"]
[BlackTeam "Kraljevo Sloga"]
[WhiteTeamCountry "SRB"]
[BlackTeamCountry "SRB"]

1. d4 Nf6 2. Nf3 e6 3. Bf4 b6 4. e3 Bb7 5. Nbd2 Nh5 6. Bg5 Be7 7. Bxe7 Qxe7 8. Bd3 d6 9. c3 Nf6 10. Qc2 Nbd7 11. 0-0-0 0-0-0 12. Kb1 Kb8 13. a4 1/2-1/2

[Event "SRB-chT 1st League CS"]
[Site "Bajina Basta"]
[Date "2021.09.28"]
[Round "4.2"]
[White "Zivkovic, Marko"]
[Black "Drenchev, Petar"]
[Result "0-1"]
[WhiteElo "2150"]
[BlackElo "2393"]
[PlyCount "108"]
[EventDate "2021.09.26"]
[EventType "team-tourn"]
[EventRounds "11"]
[EventCountry "SRB"]
[SourceTitle "EXT 2023"]
[Source "ChessBase"]
[SourceDate "2022.10.05"]
[SourceVersion "1"]
[SourceVersionDate "2022.10.05"]
[SourceQuality "1"]
[WhiteTeam "Nis Nais"]
[BlackTeam "Arandjelovac"]
[WhiteTeamCountry "SRB"]
[BlackTeamCountry "SRB"]

1. d4 Nf6 2. Nf3 g6 3. Nc3 Bg7 4. Bg5 h6 5. Bf4 d6 6. h3 a6 7. a4 0-0 8. e4 Nc6 9. Qd2 Nxd4 10. Qxd4 e5 11. Bxe5 dxe5 12. Qxd8 Rxd8 13. Bc4 Re8 14. Nd5 Nxd5 15. Bxd5 a5 16. Bc4 Bd7 17. 0-0 Rad8 18. Rfd1 Bc8 19. Kf1 Kf8 20. Ke2 Ke7 21. Rxd8 Rxd8 22. Ra3 f5 23. Bd3 Rd6 24. Rc3 Kd8 25. Ra3 b6 26. Nd2 Be6 27. f3 h5 28. Ra1 Ke7 29. Nc4 fxe4 30. fxe4 Rd4 31. Nd2 Bf6 32. b3 g5 33. Rh1 g4 34. hxg4 Bxg4+ 35. Kf2 Rd8 36. Nf3 Kd6 37. Be2 Kc5 38. c3 c6 39. Rb1 Rf8 40. b4+ Kd6 41. Rd1+ Kc7 42. Ke3 axb4 43. cxb4 Ra8 44. Ra1 Be7 45. a5 b5 46. Rc1 Kb7 47. Rb1 Bxf3 48. Bxf3 h4 49. Rd1 Bxb4 50. Rd7+ Ka6 51. Rh7 Kxa5 52. Rxh4 Rd8 53. Be2 Bd2+ 54. Kf3 Rf8+ 0-1

[Event "SRB-chT 2nd League East"]
[Site "Knic"]
[Date "2019.09.07"]
[Round "2.3"]
[White "Zivkovic, Marko"]
[Black "Miljkovic, Mihajlo"]
[Result "1/2-1/2"]
[WhiteElo "2222"]
[BlackElo "2231"]
[PlyCount "24"]
[EventDate "2019.09.06"]
[EventType "team-tourn"]
[EventRounds "11"]
[EventCountry "SRB"]
[SourceTitle "EXT 2020"]
[Source "ChessBase"]
[SourceDate "2019.10.17"]
[SourceVersion "1"]
[SourceVersionDate "2019.10.17"]
[SourceQuality "1"]
[WhiteTeam "Nis Nais"]
[BlackTeam "Kursumlija"]
[WhiteTeamCountry "SRB"]
[BlackTeamCountry "SRB"]

1. d4 d5 2. Bf4 Nf6 3. e3 e6 4. Nf3 Be7 5. h3 b6 6. Nbd2 Bb7 7. Bb5+ c6 8. Bd3 Ba6 9. Ne5 Bxd3 10. Nxd3 Nbd7 11. 0-0 c5 12. c3 0-0 1/2-1/2

[Event "Vrnjacka Banja Gligoric Cup 6th"]
[Site "Vrnjacka Banja"]
[Date "2019.05.23"]
[Round "1.2"]
[White "Zivkovic, Marko"]
[Black "Vojinovic, Luka"]
[Result "1-0"]
[WhiteElo "2268"]
[BlackElo "2278"]
[PlyCount "117"]
[EventDate "2019.05.23"]
[EventType "team-swiss"]
[EventRounds "5"]
[EventCountry "SRB"]
[SourceTitle "CBM 190 Extra"]
[Source "ChessBase"]
[SourceDate "2019.07.15"]
[SourceVersion "1"]
[SourceVersionDate "2019.07.15"]
[SourceQuality "1"]
[WhiteTeam "Nis Nais"]
[BlackTeam "Arandelovac"]
[WhiteTeamCountry "SRB"]
[BlackTeamCountry "SRB"]

1. d4 d5 2. Bf4 Nf6 3. e3 c5 4. c3 Nc6 5. Nf3 Qb6 6. Qb3 c4 7. Qxb6 axb6 8. Na3 Na7 9. Bc7 b5 10. Nc2 Bf5 11. Nb4 Nc6 12. Nxc6 bxc6 13. a3 e6 14. Rc1 h6 15. Be2 Rc8 16. Bg3 Nd7 17. Nd2 c5 18. 0-0 Be7 19. Rfe1 cxd4 20. exd4 Bg5 21. f4 Be7 22. Bd1 Bd6 23. Bc2 g6 24. Rf1 h5 25. Nf3 f6 26. Nh4 Kf7 27. Nxf5 gxf5 28. Be1 Nb6 29. Bd1 h4 30. Rc2 Bc7 31. Rf3 Ra8 32. Re2 Nc8 33. Rfe3 Ra6 34. g3 Ke7 35. gxh4 Kd7 36. Bg3 Re8 37. h3 Nd6 38. Rg2 Ne4 39. Bh2 Raa8 40. Rg7+ Kc6 41. Re2 Rh8 42. h5 b4 43. cxb4 Bb6 44. Reg2 Bxd4+ 45. Kf1 c3 46. Rc2 Kd6 47. bxc3 Bxc3 48. a4 d4 49. Bg1 d3 50. Bc5+ Kd5 51. Rc1 Kc4 52. h6 Nxc5 53. bxc5 Rxh6 54. c6 Rxh3 55. c7 Rh4 56. Rb1 Rc8 57. Rb8 Rhh8 58. Bb3+ Kd4 59. Rxc8 1-0

[Event "Belgrade ChessAmateur op 5th"]
[Site "Belgrade"]
[Date "2019.01.08"]
[Round "7"]
[White "Zivkovic, Marko"]
[Black "Velickovski Nejkovic, Maja"]
[Result "1-0"]
[WhiteElo "2309"]
[BlackElo "2136"]
[PlyCount "109"]
[EventDate "2019.01.04"]
[EventType "swiss"]
[EventRounds "9"]
[EventCountry "SRB"]
[SourceTitle "CBM 188 Extra"]
[Source "ChessBase"]
[SourceDate "2019.02.28"]
[SourceVersion "1"]
[SourceVersionDate "2019.02.28"]
[SourceQuality "1"]

1. d4 d6 2. Nf3 Nf6 3. Bf4 g6 4. Nc3 Bg7 5. e4 0-0 6. h3 Nfd7 7. Qd2 c5 8. Bh6 cxd4 9. Bxg7 Kxg7 10. Qxd4+ Nf6 11. Bc4 Nc6 12. Qe3 Na5 13. Bb3 Qb6 14. Qxb6 axb6 15. 0-0 Nxb3 16. axb3 Bd7 17. Rxa8 Rxa8 18. Rd1 Kf8 19. Nd2 Bc6 20. f3 d5 21. e5 Nd7 22. f4 f6 23. Nf3 e6 24. b4 b5 25. Nd4 Ke7 26. exf6+ Nxf6 27. Re1 Bd7 28. f5 gxf5 29. Nxf5+ Kd8 30. Nd6 b6 31. Ndxb5 Rc8 32. Nd4 Ke7 33. Nf5+ Kd8 34. Nd6 Rc7 35. Re2 Ke7 36. Nf5+ Kf7 37. Nd6+ Ke7 38. Ncb5 Rc6 39. Nf5+ Kf7 40. Nfd4 Ne4 41. Nxc6 Bxc6 42. Nd4 Bd7 43. Rxe4 dxe4 44. Kf2 Kf6 45. Ke3 Ke5 46. c4 Be8 47. g4 h6 48. h4 Bg6 49. b5 Kd6 50. b4 Ke5 51. Ne2 Kd6 52. Nc3 Ke5 53. Na4 Bf7 54. Nxb6 Be8 55. Na4 1-0

[Event "Belgrade Trophy 32nd"]
[Site "Belgrade"]
[Date "2018.12.02"]
[Round "9"]
[White "Zivkovic, Marko"]
[Black "Pucarevic, Milenko"]
[Result "1-0"]
[WhiteElo "2302"]
[BlackElo "2210"]
[PlyCount "68"]
[EventDate "2018.11.24"]
[EventType "swiss"]
[EventRounds "9"]
[EventCountry "SRB"]
[SourceTitle "CBM 187 Extra"]
[Source "ChessBase"]
[SourceDate "2018.11.04"]
[SourceVersion "1"]
[SourceVersionDate "2018.11.04"]
[SourceQuality "1"]

1. d4 g6 2. e4 Bg7 3. Nc3 d6 4. Nf3 a6 5. a4 Bg4 6. Bc4 e6 7. Be3 Nc6 8. Be2 d5 9. e5 h6 10. h3 Bxf3 11. Bxf3 Nge7 12. g4 Na5 13. Bg2 Nec6 14. Na2 0-0 15. 0-0 f6 16. exf6 Qxf6 17. c3 Nc4 18. Bc1 g5 19. Qd3 Ne7 20. f4 gxf4 21. Bxf4 Qg6 22. Qe2 c5 23. Rae1 e5 24. dxe5 b5 25. b3 Rxf4 26. Rxf4 Nxe5 27. Nc1 bxa4 28. Rxa4 h5 29. c4 hxg4 30. hxg4 Rf8 31. cxd5 Nc8 32. Be4 Qg5 33. Qh2 Rf4 34. Bh7+ Kf8 1-0

[Event "Belgrade Trophy 32nd"]
[Site "Belgrade"]
[Date "2018.11.28"]
[Round "5"]
[White "Zivkovic, Marko"]
[Black "Antic, Dejan"]
[Result "0-1"]
[WhiteElo "2302"]
[BlackElo "2462"]
[PlyCount "104"]
[EventDate "2018.11.24"]
[EventType "swiss"]
[EventRounds "9"]
[EventCountry "SRB"]
[SourceTitle "CBM 187 Extra"]
[Source "ChessBase"]
[SourceDate "2018.11.04"]
[SourceVersion "1"]
[SourceVersionDate "2018.11.04"]
[SourceQuality "1"]

1. d4 Nf6 2. Bf4 d6 3. Nf3 g6 4. h3 Bg7 5. Nbd2 0-0 6. e3 b6 7. Be2 Bb7 8. 0-0 Nbd7 9. c3 Re8 10. Nc4 c5 11. a4 Qc7 12. Bh2 Rac8 13. Rc1 Qb8 14. Nfd2 a6 15. dxc5 Rxc5 16. Bf3 Bxf3 17. Qxf3 Rec8 18. Na3 Ne5 19. Bxe5 Rxe5 20. Nc2 d5 21. Qe2 Qb7 22. Nb4 a5 23. Nc2 Re6 24. Nd4 Rd6 25. f4 Rdd8 26. g4 Nd7 27. Rf2 e5 28. Nb5 Nc5 29. fxe5 Bxe5 30. Rcf1 Rd7 31. b3 Re8 32. Rf3 Rde7 33. Qf2 Qd7 34. Nd4 Bg7 35. Qh4 h6 36. Qg3 Nd3 37. h4 Ne5 38. Rf4 Qc7 39. e4 Nc6 40. Nxc6 Qxc6 41. exd5 Qxd5 42. Nc4 b5 43. axb5 Qxb5 44. Rxf7 Rxf7 45. Rxf7 Qxb3 46. Nd6 Bd4+ 47. Kg2 Re2+ 48. Kh3 Be5 49. Rf8+ Kg7 50. Ne8+ Kxf8 51. Qf3+ Kxe8 52. Qc6+ Ke7 0-1

[Event "SRB-chT2 East"]
[Site "Serbia"]
[Date "2018.09.07"]
[Round "1.6"]
[White "Zivkovic, Marko"]
[Black "Lazov, Toni"]
[Result "0-1"]
[WhiteElo "2275"]
[BlackElo "2292"]
[PlyCount "53"]
[EventDate "2018.09.07"]
[EventType "team-tourn"]
[EventRounds "11"]
[EventCountry "SRB"]
[SourceTitle "EXT 2021"]
[Source "ChessBase"]
[SourceDate "2020.10.23"]
[SourceVersion "1"]
[SourceVersionDate "2020.10.23"]
[SourceQuality "1"]
[WhiteTeam "Nis Nais"]
[BlackTeam "Surdulica Radnik"]
[WhiteTeamCountry "SRB"]
[BlackTeamCountry "SRB"]

1. d4 Nf6 2. Bf4 g6 3. Nf3 Bg7 4. Nc3 d5 5. e3 0-0 6. Be2 c5 7. 0-0 cxd4 8. exd4 Nc6 9. Re1 Ne4 10. Nb5 Bf5 11. c4 dxc4 12. Bxc4 a6 13. Nc3 Nxc3 14. bxc3 Rc8 15. Rc1 Na5 16. Bf1 Be6 17. Qd2 Nc4 18. Bxc4 Rxc4 19. Bh6 Ra4 20. Bxg7 Kxg7 21. Rxe6 fxe6 22. Ng5 Qd5 23. Qe3 Rf6 24. Re1 Rxa2 25. f3 Rb2 26. h4 Qa2 27. g4 0-1

[Event "Skopje Karposh op"]
[Site "Skopje"]
[Date "2018.03.30"]
[Round "8"]
[White "Smith, Bryan G"]
[Black "Zivkovic, Marko"]
[Result "1-0"]
[WhiteElo "2427"]
[BlackElo "2233"]
[PlyCount "83"]
[EventDate "2018.03.24"]
[EventType "swiss"]
[EventRounds "9"]
[EventCountry "MKD"]
[SourceTitle "CBM 183 Extra"]
[Source "ChessBase"]
[SourceDate "2018.04.19"]
[SourceVersion "1"]
[SourceVersionDate "2018.04.19"]
[SourceQuality "1"]

1. e4 c6 2. d4 d5 3. e5 Bf5 4. Nf3 e6 5. Be2 c5 6. Be3 Nc6 7. dxc5 Nge7 8. 0-0 Ng6 9. Nd4 Ngxe5 10. Nxf5 exf5 11. c3 Be7 12. Na3 0-0 13. f4 Ng4 14. Bxg4 fxg4 15. f5 Bg5 16. Bf2 Ne5 17. Kh1 Bf4 18. Qd4 g5 19. g3 Nf3 20. Qd3 Be5 21. Nc2 Bf6 22. Ne3 Ne5 23. Qxd5 Qc8 24. Qd6 Qc6+ 25. Nd5 Bg7 26. f6 Rfd8 27. Qxc6 Nxc6 28. Rad1 Bf8 29. Rfe1 Rac8 30. b4 h5 31. b5 Na5 32. Ne7+ Bxe7 33. fxe7 Re8 34. Bd4 Kh7 35. Bf6 Kg6 36. Rd8 Kxf6 37. Rxc8 Rxe7 38. Rxe7 Kxe7 39. Rc7+ Ke8 40. b6 axb6 41. cxb6 f5 42. Rc5 1-0

[Event "SRB-chT2 East"]
[Site "Serbia"]
[Date "2017.10.08"]
[Round "11.3"]
[White "Bura, Goran"]
[Black "Zivkovic, Marko"]
[Result "0-1"]
[WhiteElo "2231"]
[BlackElo "2194"]
[PlyCount "104"]
[EventDate "2017.09.08"]
[EventType "team-tourn"]
[EventRounds "11"]
[EventCountry "SRB"]
[SourceTitle "EXT 2022"]
[Source "ChessBase"]
[SourceDate "2021.10.06"]
[SourceVersion "1"]
[SourceVersionDate "2021.10.06"]
[SourceQuality "1"]

1. d4 Nf6 2. Nf3 g6 3. Nc3 d5 4. Bf4 Bg7 5. e3 0-0 6. Be2 c5 7. 0-0 Nc6 8. Ne5 Bf5 9. Nxc6 bxc6 10. Be5 Nd7 11. Bxg7 Kxg7 12. g4 Be6 13. f4 f6 14. Rf2 cxd4 15. exd4 Rb8 16. Na4 Qa5 17. c3 c5 18. f5 Bf7 19. Nxc5 Nxc5 20. b4 Qa3 21. dxc5 a5 22. Qb3 axb4 23. cxb4 Qxb3 24. axb3 Rxb4 25. Rc1 Rxb3 26. Ba6 Ra8 27. c6 Rxa6 28. c7 Ra8 29. c8Q Rxc8 30. Rxc8 Re3 31. Rd2 Re5 32. Rc7 gxf5 33. gxf5 Bh5 34. Rd3 Be2 35. Rg3+ Kf7 36. Rc5 Rxf5 37. Re3 Bf3 38. Kf2 Be4+ 39. Ke1 Rg5 40. Rh3 e5 41. Rh4 h5 42. Rh3 d4 43. Rg3 Kg6 44. Rxg5+ Kxg5 45. Kf2 Kf4 46. Ke2 Bf3+ 47. Kd2 e4 48. Rc7 e3+ 49. Kd3 Be4+ 50. Kxd4 e2 51. Rc1 Kf3 52. Kc3 Ke3 0-1

[Event "SRB-chT2 East"]
[Site "Serbia"]
[Date "2017.10.07"]
[Round "10.3"]
[White "Zivkovic, Marko"]
[Black "Spasojevic, Zoran M"]
[Result "1-0"]
[WhiteElo "2194"]
[BlackElo "2226"]
[PlyCount "46"]
[EventDate "2017.09.08"]
[EventType "team-tourn"]
[EventRounds "11"]
[EventCountry "SRB"]
[SourceTitle "EXT 2022"]
[Source "ChessBase"]
[SourceDate "2021.10.06"]
[SourceVersion "1"]
[SourceVersionDate "2021.10.06"]
[SourceQuality "1"]

1. d4 d5 2. Nf3 Nf6 3. Bf4 e6 4. e3 c5 5. c3 Nc6 6. Nbd2 Be7 7. Bd3 0-0 8. h3 b6 9. 0-0 Bb7 10. Qe2 Re8 11. Bh2 Bd6 12. Ne5 Bxe5 13. dxe5 Nd7 14. f4 c4 15. Bc2 b5 16. Nf3 g6 17. Bg3 Qb6 18. Bh4 b4 19. Qe1 Nc5 20. Bf6 Nd3 21. Bxd3 cxd3 22. Qh4 Qxe3+ 23. Kh1 h5 1-0

[Event "SRB-chT2 East"]
[Site "Serbia"]
[Date "2017.09.10"]
[Round "5.1"]
[White "Bozilov, Dragan"]
[Black "Zivkovic, Marko"]
[Result "1/2-1/2"]
[WhiteElo "2003"]
[BlackElo "2194"]
[PlyCount "135"]
[EventDate "2017.09.08"]
[EventType "team-tourn"]
[EventRounds "11"]
[EventCountry "SRB"]
[SourceTitle "EXT 2022"]
[Source "ChessBase"]
[SourceDate "2021.10.06"]
[SourceVersion "1"]
[SourceVersionDate "2021.10.06"]
[SourceQuality "1"]

1. e4 c6 2. d4 d5 3. exd5 cxd5 4. Bd3 Nf6 5. c3 Nc6 6. Bf4 g6 7. h3 Bg7 8. Nf3 0-0 9. 0-0 Bf5 10. Re1 Rc8 11. Ne5 a6 12. Bxf5 gxf5 13. Qd3 e6 14. Nd2 Nh5 15. Bh2 Nxe5 16. dxe5 Bh6 17. Rad1 Kh8 18. Qe2 Qh4 19. Nf3 Qc4 20. Rd4 Qxe2 21. Rxe2 Rc4 22. Rxc4 dxc4 23. a4 Rd8 24. Nd4 Rd5 25. g4 fxg4 26. Re4 g3 27. fxg3 Bc1 28. g4 Ng7 29. Ne2 b5 30. axb5 axb5 31. Nxc1 Rd1+ 32. Kf2 Rxc1 33. Rd4 Rc2+ 34. Ke3 Rxh2 35. Rd8+ Ne8 36. Rxe8+ Kg7 37. Rb8 Rxb2 38. Kd4 Rd2+ 39. Kc5 Rd3 40. Kb4 Rxh3 41. Rxb5 Rg3 42. Kxc4 Rxg4+ 43. Kd3 Kg6 44. Rb2 Kf5 45. Re2 h5 46. c4 h4 47. c5 h3 48. c6 Rg8 49. Kd4 Kf4 50. c7 Kf3 51. Re3+ Kg2 52. Re2+ Kf1 53. Rh2 Rc8 54. Rxh3 Rxc7 55. Rh2 Kg1 56. Ra2 Rc1 57. Ke4 Rf1 58. Ke3 Rf5 59. Kd4 Rf2 60. Ra7 Kg2 61. Kc5 Kg3 62. Kd6 Rf5 63. Rxf7 Rxf7 64. Kxe6 Rh7 65. Kd6 Kf4 66. e6 Rh6 67. Kd7 Ke4 68. e7 1/2-1/2

[Event "SRB-chT2 East"]
[Site "Serbia"]
[Date "2017.09.09"]
[Round "2.2"]
[White "Zivkovic, Marko"]
[Black "Keca, Dragomir"]
[Result "1/2-1/2"]
[WhiteElo "2194"]
[BlackElo "2174"]
[PlyCount "76"]
[EventDate "2017.09.08"]
[EventType "team-tourn"]
[EventRounds "11"]
[EventCountry "SRB"]
[SourceTitle "EXT 2022"]
[Source "ChessBase"]
[SourceDate "2021.10.06"]
[SourceVersion "1"]
[SourceVersionDate "2021.10.06"]
[SourceQuality "1"]

1. d4 d5 2. c4 e6 3. Nc3 Be7 4. Nf3 Nf6 5. e3 c5 6. cxd5 exd5 7. Bb5+ Bd7 8. Bxd7+ Nbxd7 9. 0-0 0-0 10. b3 Qa5 11. Bb2 Rfd8 12. Qd3 Rac8 13. Rac1 c4 14. Qb1 b5 15. e4 b4 16. e5 Ne8 17. Nd1 c3 18. Ba1 Qb6 19. Ne3 Qe6 20. Ne1 g6 21. Nd3 Nf8 22. g4 Qb6 23. Nf4 Nc7 24. Qd3 Nfe6 25. Ne2 Nb5 26. Rcd1 f6 27. a4 Nbc7 28. exf6 Bxf6 29. f4 Ng7 30. g5 Be7 31. Ng3 Rf8 32. h4 Bd6 33. a5 Qc6 34. Ng4 Rxf4 35. Nh6+ Kh8 36. Rxf4 Bxf4 37. Nf7+ Kg8 38. Nh6+ Kh8 1/2-1/2

[Event "EU-ch Amateur U2300"]
[Site "Nis"]
[Date "2017.06.17"]
[Round "9"]
[White "Aytekin, Murat Eren"]
[Black "Zivkovic, Marko"]
[Result "1-0"]
[WhiteElo "2063"]
[BlackElo "2263"]
[PlyCount "96"]
[EventDate "2017.06.10"]
[EventType "swiss"]
[EventRounds "9"]
[EventCountry "SRB"]
[SourceTitle "EXT 2018"]
[Source "ChessBase"]
[SourceDate "2017.10.13"]
[SourceVersion "1"]
[SourceVersionDate "2017.10.13"]
[SourceQuality "1"]

1. d4 Nf6 2. c4 g6 3. Nc3 Bg7 4. e4 d6 5. f3 0-0 6. Be3 e5 7. d5 Nh5 8. Qd2 f5 9. Bd3 Na6 10. Nge2 c5 11. a3 Bd7 12. 0-0-0 f4 13. Bf2 Nc7 14. Rdf1 a6 15. g3 b5 16. Rhg1 bxc4 17. Bxc4 Nb5 18. g4 Nf6 19. g5 Nh5 20. Kb1 Qa5 21. Ka2 Rfb8 22. Rb1 Ra7 23. Be1 Rab7 24. Nxb5 Qxd2 25. Bxd2 axb5 26. Bd3 Bf8 27. b4 c4 28. Bc2 Be7 29. Be1 Kf7 30. Nc3 h6 31. gxh6 Rh8 32. Bf2 Rbb8 33. a4 Ra8 34. Kb2 bxa4 35. Ka3 Rxh6 36. b5 Nf6 37. b6 Rxh2 38. b7 Rb8 39. Ba7 Rhh8 40. Bxa4 Bxa4 41. Nxa4 Nd7 42. Bxb8 Rxb8 43. Rgc1 Bh4 44. Rxc4 Bf2 45. Rc8 Ke7 46. Rxb8 Nxb8 47. Rc1 Na6 48. Rc8 Ba7 1-0

[Event "SRB-chT Cup"]
[Site "Kragujevac"]
[Date "2017.04.30"]
[Round "2.1"]
[White "Zivkovic, Marko"]
[Black "Zlatanovic, Zoran"]
[Result "1-0"]
[WhiteElo "2254"]
[BlackElo "2066"]
[PlyCount "73"]
[EventDate "2017.04.29"]
[EventType "team-swiss"]
[EventRounds "6"]
[EventCountry "SRB"]
[SourceTitle "EXT 2018"]
[Source "ChessBase"]
[SourceDate "2017.10.13"]
[SourceVersion "1"]
[SourceVersionDate "2017.10.13"]
[SourceQuality "1"]
[WhiteTeam "Nis Nais"]
[BlackTeam "Bor Bakar"]
[WhiteTeamCountry "SRB"]
[BlackTeamCountry "SRB"]

1. d4 Nf6 2. Bf4 e6 3. Nf3 c5 4. e3 Qb6 5. Nc3 a6 6. Na4 Qa5+ 7. c3 d6 8. dxc5 dxc5 9. Ne5 b5 10. Qf3 Ra7 11. Nxc5 Nd5 12. Nb3 Qb6 13. Bd3 Nxf4 14. exf4 Bd6 15. 0-0 0-0 16. Rfe1 Nd7 17. Rad1 Nf6 18. Bb1 Rc7 19. g4 Bb7 20. Qd3 Bxe5 21. fxe5 Qc6 22. f3 Qxf3 23. Qxf3 Bxf3 24. exf6 Bxd1 25. Rxd1 gxf6 26. a3 Rfc8 27. Kf2 h6 28. Be4 Kf8 29. Rd6 Rc4 30. Bf3 Rf4 31. Ke3 Ra4 32. Bd1 Ke7 33. Rb6 e5 34. Nd2 Rf4 35. Rxa6 Rd8 36. Be2 Rb8 37. Ne4 1-0

[Event "SRB-chT2 East CS"]
[Site "Kragujevac"]
[Date "2016.10.07"]
[Round "8.1"]
[White "Zivkovic, Marko"]
[Black "Radosavljevic, Slobodan D"]
[Result "1/2-1/2"]
[WhiteElo "2216"]
[BlackElo "2195"]
[PlyCount "27"]
[EventDate "2016.08.26"]
[EventType "team-tourn"]
[EventRounds "11"]
[EventCountry "SRB"]
[SourceTitle "EXT 2021"]
[Source "ChessBase"]
[SourceDate "2020.10.23"]
[SourceVersion "1"]
[SourceVersionDate "2020.10.23"]
[SourceQuality "1"]

1. d4 c5 2. d5 Nf6 3. Nc3 g6 4. e4 d6 5. Nf3 Bg7 6. Be2 0-0 7. 0-0 Na6 8. Re1 Nc7 9. a4 a6 10. Bf4 h6 11. Bc4 Bg4 12. Qd2 Bxf3 13. gxf3 Qd7 14. Bf1 1/2-1/2